000
00285nam a22001337a 4500
999
_c
54975
_d
54975
008
200203b ||||| |||| 00| 0 eng d
041
_a
eng
080
_a
043.3
082
_a
043.3
100
_a
0
101
_a
BTH
245
_a
Konvikt për Student
_c
Sylejmani,E
942
_2
udc
_c
BK